000 00805nam a2200265 i 4500
001 133590
003 ES-MaACL
005 20230906194449.0
007 t|
008 070821s1976 sp ||||1| spa d
020 _a84-7068-116-8
080 _a248
130 0 _aStrannik.
_lEspañol.
_9124760
245 1 0 _aStrannik
_b: el peregrino ruso /
_c[versión española y presentación: Urbano Barrientos ; introducción y notas: Augusto Guerra].
250 _a3ª ed.
260 _aMadrid :
_bEspiritualidad,
_c1976.
300 _a159 p. ;
_c18 cm.
490 1 _aLogos ;
_v20
650 4 _aVida espiritual.
_912505
700 1 _aBarrientos, Urbano.
_925973
700 1 _aGuerra, Augusto.
_960486
830 0 _aLogos ;
_v20
_9183254
852 _aES-MaACL
_jA-7505
_bR.95580
999 _c133590
_d133590